000
00276nam a2200109Ia 4500
008
220204s9999 xx 000 0 und d
082
_a
025.3
_b
KRI
100
_a
Krishan Kumar
245
0
_a
Introduction to cataloguing practice
260
_a
New Delhi
_b
Vikas
_c
1983
942
_c
BK
999
_c
37366
_d
37366